000 00722nam a2200241 a 4500
001 BRCA_5896
005 20190320205245.0
008 170311s180?----gw-#######---#000-0#ger-#
041 _ager
044 _agw
050 4 _aPQ2216
_b.T415
100 1 _aDaudet, Alphonse.
_914910
245 1 0 _aDie wunderbaren Abenteuer des Herrn Tartarin aus Tasacon.
_cDaudet, Alphonse.
_nDeutsch von Adolf Gerstmann
260 _aLeipzig
_bP.Reclam
_c180?
300 _a178 p.
_c16 cm.
440 0 _aReclams universa, Bibliothek
_n1707
_914911
500 _aH137
650 1 4 _aLiteratura Francesa.
_914912
700 1 _aGerstmann, Adolf
_etr.
_914913
700 1 _aTartarin de Tarascon
_eSerie
_914914
902 _aGFM
942 _2lcc
_cB
999 _c5585
_d5585